000 00701nam a2200205 i 4500
001 106107
003 ES-MaACL
007 t|
008 060927s1939 ag ||||1| spa d
080 _a821.134.2-14"15"
100 1 _aGóngora y Argote, Luis de.
_958246
245 1 0 _aRomances y letrillas /
_cLuis de Góngora.
260 _aBuenos Aires :
_bLosada,
_c[1939]
300 _a268 p. ;
_c18 cm.
490 1 _aLas cien obras maestras de la literatura y del pensamiento universal ;
_v15
500 _aBiblioteca Juan Andrade.
830 0 _aLas cien obras maestras de la literatura y del pensamiento universal ;
_v15
_9232814
852 _aES-MaACL
_jAND-786
_bR.110081
999 _c106107
_d106107